00928nam a22002537a 4500003000900000008004100009020001800050040007100068082001700139100002900156245014500185260004700330300004100377500003000418650002700448650003300475650002500508650002800533650002600561650001100587700001900598700001900617710003800636AR-CdUCM190312b ||||| |||| 00| 0 spa d a9789972572227 aMUNICIPALIDAD PROVINCIAL DEL CUSCOcBIBLIOTECA MUNICIPAL DEL CUSCO a331/Y19bY19 aYamada Fukusaki, Gustavo aInversión en educación e ingresos laborales :bmás allá de la ecuación de Mincer /cGustavo Yamada, Juan F. Castro y Roberto Asmat aLima :bUniversidad del Pacífico,c2013. a81 páginas. :bdiagramas ;c22 cm. zBibliografía: p. 65-68. aEconomía del trabajo aEconomía de la educación aAhorro e inversión aFormación profesional aAspectos económicos aPerú aCastro, Juan F aAsmat, Roberto aUniversidad del Pacífico (Lima)